<?xml version="1.0" encoding="UTF-8"?>
<record
    xmlns:xsi="http://www.w3.org/2001/XMLSchema-instance"
    xsi:schemaLocation="http://www.loc.gov/MARC21/slim http://www.loc.gov/standards/marcxml/schema/MARC21slim.xsd"
    xmlns="http://www.loc.gov/MARC21/slim">

  <leader>00789nam a2200181 a 4500</leader>
  <controlfield tag="008">080918s1988    ||||||||||||||||| ||    u</controlfield>
  <datafield tag="020" ind1=" " ind2=" ">
    <subfield code="a">0702122092</subfield>
  </datafield>
  <datafield tag="050" ind1=" " ind2=" ">
    <subfield code="a">P 90 Fou</subfield>
  </datafield>
  <datafield tag="100" ind1=" " ind2=" ">
    <subfield code="a">Fourie, Pieter J</subfield>
  </datafield>
  <datafield tag="245" ind1="1" ind2="0">
    <subfield code="a">Aspects of film and television communication.</subfield>
    <subfield code="c">Pieter J. Fourie</subfield>
  </datafield>
  <datafield tag="260" ind1=" " ind2=" ">
    <subfield code="a">Cape Town</subfield>
    <subfield code="b">Juta and Company</subfield>
    <subfield code="c">1988</subfield>
  </datafield>
  <datafield tag="300" ind1=" " ind2=" ">
    <subfield code="a">viii, 112p.</subfield>
  </datafield>
  <datafield tag="350" ind1=" " ind2=" ">
    <subfield code="a">22500.00</subfield>
  </datafield>
  <datafield tag="650" ind1=" " ind2=" ">
    <subfield code="a">MASS MEDIA--PHILOSOPHY</subfield>
  </datafield>
  <datafield tag="650" ind1=" " ind2=" ">
    <subfield code="a">MEDIA</subfield>
  </datafield>
  <datafield tag="995" ind1=" " ind2=" ">
    <subfield code="a">ANNEX COLLECTION (Main Library)</subfield>
    <subfield code="D">22500.00</subfield>
    <subfield code="e">738563</subfield>
    <subfield code="F">CBU-MAIN LIBRARY (Kitwe)</subfield>
    <subfield code="H">1</subfield>
    <subfield code="I">0.00</subfield>
    <subfield code="j">P 90 FOU</subfield>
    <subfield code="M">1</subfield>
    <subfield code="U">AVAILABLE</subfield>
    <subfield code="W">Sep 18, 2008</subfield>
    <subfield code="y">738563</subfield>
    <subfield code="Z">Annex Low-Usage Collection </subfield>
  </datafield>
  <datafield tag="995" ind1=" " ind2=" ">
    <subfield code="a">ANNEX COLLECTION (Main Library)</subfield>
    <subfield code="D">22500.00</subfield>
    <subfield code="e">738564</subfield>
    <subfield code="F">CBU-MAIN LIBRARY (Kitwe)</subfield>
    <subfield code="H">1</subfield>
    <subfield code="I">0.00</subfield>
    <subfield code="j">P 90 Fou</subfield>
    <subfield code="M">2</subfield>
    <subfield code="U">AVAILABLE</subfield>
    <subfield code="W">Sep 18, 2008</subfield>
    <subfield code="y">738564</subfield>
    <subfield code="Z">Annex Low-Usage Collection </subfield>
  </datafield>
  <datafield tag="999" ind1=" " ind2=" ">
    <subfield code="c">84387</subfield>
    <subfield code="d">84387</subfield>
  </datafield>
  <datafield tag="952" ind1=" " ind2=" ">
    <subfield code="0">0</subfield>
    <subfield code="1">0</subfield>
    <subfield code="2">lcc</subfield>
    <subfield code="4">0</subfield>
    <subfield code="7">0</subfield>
    <subfield code="a">001</subfield>
    <subfield code="b">001</subfield>
    <subfield code="c">Annex Low-Usage Collection</subfield>
    <subfield code="d">2024-01-25</subfield>
    <subfield code="l">0</subfield>
    <subfield code="o">P 90 Fou</subfield>
    <subfield code="p">738563</subfield>
    <subfield code="r">2024-01-25</subfield>
    <subfield code="t">1</subfield>
    <subfield code="w">2024-01-25</subfield>
    <subfield code="y">002</subfield>
  </datafield>
  <datafield tag="952" ind1=" " ind2=" ">
    <subfield code="0">0</subfield>
    <subfield code="1">0</subfield>
    <subfield code="2">lcc</subfield>
    <subfield code="4">0</subfield>
    <subfield code="7">0</subfield>
    <subfield code="a">001</subfield>
    <subfield code="b">001</subfield>
    <subfield code="c">Annex Low-Usage Collection</subfield>
    <subfield code="d">2024-01-25</subfield>
    <subfield code="l">0</subfield>
    <subfield code="o">P 90 Fou</subfield>
    <subfield code="p">738564</subfield>
    <subfield code="r">2024-01-25</subfield>
    <subfield code="t">2</subfield>
    <subfield code="w">2024-01-25</subfield>
    <subfield code="y">002</subfield>
  </datafield>
</record>
